1999 1829 1222 1033 1788 1644 1946 1068 1358 1930 1041 1477 1066 1116 1838 1730 1465 1713 1569 1480 1313 1466 1561 1952 1225 1233 1729 1023 1901 1221 1163 1574 1508 1316 1033 1434 1920 1606 1434 1399 1439 1926 1344 1963 1089 1983 1134 1882 1844 1720 1993 1224 1053 1393 1388 1147 1425 1995 1022 1013 1139 1364 1553 1916 1443 1273 1790 1348 1327 1332 1534 1542 1553 1729 1492 1688 1740 1906 1298 1689 1457 1177 1459 1090 1267 1501 1902 1761 1579 1030 1233 1703 1770 1265 1430 1809 1917 1134 1511 BCNSPRNW ULIB Ver.6.0+V

เปลี่ยนเป็นภาษาไทย

Change to English
 แสดงรายละเอียดบรรณานุกรม
  กลับหน้าหลัก

Brief Record : Get Marc (ISO 2709) : E-mail record : QR code < ปิดหน้าต่าง
LEADER : 00000nam 2200000uu 4500
001    13399120809
003     ULIB
008    121017s2550||||th 000 0 tha d
020    ^a9749507029
060 04 ^aWB537^bพ634น ล.1
100 0  ^aพิศิษฐ เบญจมงคลวารี
245 10 ^aนวดเพื่อผ่อนคลายทั่วร่างกาย /^cโดย พิศิษฐ เบญจมงคลวารี ;บรรณาธิการ, ภัทรวัต เบญจมงคลวารี
250    ^aพิมพ์ครั้งที่ 3
260    ^aกรุงเทพฯ :^bหมอชาวบ้าน,^c2550
300    ^a97 หน้า :^bภาพประกอบ ;^c21 ซม.
440    ^aนวดไทยเพื่อสุขภาพ ;^vล.1
650  7 ^aการนวด
700 0  ^aภัทรวัต เบญจมงคลวารี,^eบรรณาธิการ
945    ^p110^l0^i15125
995    ^aทศพร
999    ^aทศพร เกษรทอง
รายการนี้ยังไม่มีแท็ก
คุณยังไม่ได้ล็อกอิน คุณสามารถมีกิจกรรมร่วมกับเว็บไซต์ได้ แต่ต้องล็อกอินก่อน ::
  ล็อกอิน

รายการสื่อสารสนเทศ

ลำดับที่ ประเภท เลขเรียก/บาร์โค้ด สถานที่ สถานะ
1. วิทยาศาสตร์การแพทย์ และสุขภาพ
วิทยาศาสตร์การแพทย์ และสุขภาพ
WB537 พ634น ล.1 ฉ.1 
  Barcode: 15125
ห้องสมุดวิทยาเขตนครสวรรค์
►ส่วนจัดเก็บหนังสือเก่า นว.
บนชั้น
  ขอยืม

รายการใกล้เคียง
    ผู้แต่ง [พิศิษฐ เบญจมงคลวารี]

    หัวเรื่อง [การนวด]

BibComment


ยังไม่เคยถูกคอมเมนท์

คอมเมนท์ทรัพยากรรายการนี้
  คอมเมนท์: นวดเพื่อผ่อนคลาย..


 Copyright 2026. Bcnsprnw @Library